Bases de la programación y optimización de un proceso, en una celda de manufactura, por medio de un PLC y un computador personal
Zapisane w:
| 1. autor: | |
|---|---|
| Format: | Książka |
| Wydane: |
San José, C.R
2001
|
| Hasła przedmiotowe: | |
| Etykiety: |
Dodaj etykietę
Nie ma etykietki, Dołącz pierwszą etykiete!
|
MARC
| LEADER | 00000nam a2200000Ia 4500 | ||
|---|---|---|---|
| 003 | 008714 | ||
| 005 | 20221231144202.0 | ||
| 008 | 140114s2001 cr a m 000 ||s d | ||
| 040 | |c cru CEDI | ||
| 090 | |a TFG 4304 | ||
| 100 | |a Ramírez Abrahams, Francisco Jesús |9 5687 | ||
| 245 | |a Bases de la programación y optimización de un proceso, en una celda de manufactura, por medio de un PLC y un computador personal | ||
| 260 | |c 2001 |a San José, C.R | ||
| 300 | |a xi, 72 hojas : ilustraciones | ||
| 500 | |a Proyecto de graduación (bachillerato en ingeniería eléctrica)--Universidad de Costa Rica. Facultad de Ingeniería Escuela de Ingeniería Eléctrica | ||
| 650 | |x ROBOTICA |x MOVIMIENTOS MECANICOS |x INTELIGENCIA ARTIFICIAL |9 4980 | ||
| 942 | |c TFG | ||
| 999 | |c 18134 |d 18134 | ||
